000 00663nam a22001817a 4500
999 _c166973
_d166973
010 _aENG-126196
020 _a978-93-8546-281-8
_c1195.00
035 _aEN-109728
037 _bDBAD/PUB
082 _a551.480
100 _aRai, Suresh C.
245 _aHydrology And Water Resources:
_cby Suresh C. Rai
_bA Geographical Perspective/
260 _aNew Delhi
_bAne Books Pvt.Ltd.
_c2017
270 _a4821,Parwana Bhawan 1st Floor 24 Ansari Road, Darya Ganj
_bNew Delhi
_e110002
_k+91(011)23276843,2814209
_manebookschennai.com
300 _axvi239p.
_b24cm(hb)
500 _aits include apendix and refrences
942 _2ddc
_cEN
_h551.480
_mRAI